ARRUPE JESUIT UNIVERSITY

CORONAVIRUS -STOP THE SPREAD - CLEAN,DISINFECT,COVER

A short history of modern philosophy : (Record no. 62835)

MARC details
000 -LEADER
fixed length control field 01336cam a22003134a 4500
001 - CONTROL NUMBER
control field 12410258
003 - CONTROL NUMBER IDENTIFIER
control field ARRUPE
005 - DATE AND TIME OF LATEST TRANSACTION
control field 20170718083326.0
008 - FIXED-LENGTH DATA ELEMENTS--GENERAL INFORMATION
fixed length control field 010516s2002 enk b 001 0 eng
010 ## - LIBRARY OF CONGRESS CONTROL NUMBER
LC control number 2001034885
020 ## - INTERNATIONAL STANDARD BOOK NUMBER
International Standard Book Number 0415267625 (hb)
020 ## - INTERNATIONAL STANDARD BOOK NUMBER
International Standard Book Number 0415267633 (pbk.)
040 ## - CATALOGING SOURCE
Original cataloging agency DLC
Transcribing agency DLC
Modifying agency DLC
042 ## - AUTHENTICATION CODE
Authentication code pcc
050 00 - LIBRARY OF CONGRESS CALL NUMBER
Classification number B791
Item number .S29 2002
082 00 - DEWEY DECIMAL CLASSIFICATION NUMBER
Classification number 190
Edition number 21
300 ## - PHYSICAL DESCRIPTION
Dimensions 20 cm.
100 1# - MAIN ENTRY--PERSONAL NAME
Personal name Scruton, Roger.
9 (RLIN) 33079
245 12 - TITLE STATEMENT
Title A short history of modern philosophy :
Remainder of title from Descartes to Wittgenstein /
Statement of responsibility, etc Roger Scruton.
250 ## - EDITION STATEMENT
Edition statement 2nd ed., [rev.].
260 ## - PUBLICATION, DISTRIBUTION, ETC. (IMPRINT)
Place of publication, distribution, etc London ;
-- New York :
Name of publisher, distributor, etc Routledge,
Date of publication, distribution, etc 2002.
300 ## - PHYSICAL DESCRIPTION
Extent ix, 318 p. ;
440 #0 - SERIES STATEMENT/ADDED ENTRY--TITLE
Title Routledge classics
9 (RLIN) 33080
500 ## - GENERAL NOTE
General note Rev. ed. of: From Descartes to Wittgenstein, 1981.
504 ## - BIBLIOGRAPHY, ETC. NOTE
Bibliography, etc Includes bibliographical references (p. [295]-310) and index.
650 #0 - SUBJECT ADDED ENTRY--TOPICAL TERM
Topical term or geographic name as entry element Philosophy, Modern.
9 (RLIN) 33081
700 1# - ADDED ENTRY--PERSONAL NAME
Personal name Scruton, Roger.
Title of a work From Descartes to Wittgenstein.
9 (RLIN) 33082
856 42 - ELECTRONIC LOCATION AND ACCESS
Materials specified Publisher description
Uniform Resource Identifier <a href="http://www.loc.gov/catdir/enhancements/fy0650/2001034885-d.html">http://www.loc.gov/catdir/enhancements/fy0650/2001034885-d.html</a>
906 ## - LOCAL DATA ELEMENT F, LDF (RLIN)
a 7
b cbc
c orignew
d 1
e ocip
f 20
g y-gencatlg
942 ## - ADDED ENTRY ELEMENTS (KOHA)
Source of classification or shelving scheme Library of Congress Classification
Koha item type Monograph ( Printed materials)
Holdings
Withdrawn status Lost status Source of classification or shelving scheme Damaged status Not for loan Collection code Home library Current library Shelving location Date acquired Total Checkouts Full call number Barcode Date last seen Date checked out Copy number Price effective from Koha item type
    Library of Congress Classification     Main Collection ARRUPE LIBRARY ARRUPE LIBRARY   05/03/2013 8 B791.S29 2001 46003095983 15/05/2019 10/05/2019 1 05/03/2013 Monograph ( Printed materials)

 

Arrupe Library. PO Box MP320 Mt Pleasant, Harare, Zimbabwe
263 242 745411|librarian@aju.ac.zw